| 000 | 00925cam a2200253 a 4500 | ||
|---|---|---|---|
| 001 | 17428362 | ||
| 003 | OSt | ||
| 005 | 20150408114217.0 | ||
| 008 | 120813s2013 nyua g b 001 0 eng | ||
| 020 | _a9781462508167 (pbk.) | ||
| 040 | _aMa-Un | ||
| 082 | 0 | 0 |
_223 _a372.44 _bBIB |
| 100 | 1 |
_aBeck, Isabel L _945015 |
|
| 245 | 1 | 0 |
_aBringing words to life : _brobust vocabulary instruction / _cIsabel L. Beck, Margaret G. McKeown, Linda Kucan. |
| 250 | _a2nd ed. | ||
| 260 |
_aNew York ; _aLondon : _bThe Guilford Press, _c2013. |
||
| 300 |
_axiv, 210 p. : _bill. ; _c24 cm. |
||
| 504 | _aIncludes bibliographical references (p. 195-203) and index. | ||
| 650 |
_aVocabulary _xStudy and teaching |
||
| 700 | 1 |
_aKucan, Linda _945016 |
|
| 700 | 1 |
_aMcKeown, Margaret G. _945017 |
|
| 942 |
_2ddc _cBOOK |
||
| 999 |
_c35034 _d269534 |
||